00504nam a2200181 a 4500001001300000003000900013005001700022008004100039020002300080082001600103100002100119245007100140260002500211300000900236500003500245505001700280650002500297nice12345678IN_TiNIC20260116015044.0050524s2000 dela grp 000 0 eng  a817214X c10000a248.24bMAR aMark, Krickwin C aConversion in a Pluralistic Contextb Perspectives and Perceptions aDelhi bISPCK c2000 a230p aincludes index and biblioraphy2 aVols. 1 to 6 aConversion-Religious